Statystyki dla ZWIERZĘTA na literę W

Kliknij tutaj aby rozwiązać quiz!

Ogólne statystyki

  • Ten quiz został rozwiązany 92 razy
  • Średni wynik to 10 z 15

Statystyki odpowiedzi

Odpowiedź% Poprawnych
Wiewiórka ruda
100%
Wielbłąd dwugarbny
96%
Wilk szary
95%
Wal grenlandzki
92%
Wrona siwa
87%
Węgorz europejski
86%
Wydra europejska
86%
Waran z komodo
82%
Wąż zbożowy
81%
Wróbel zwyczajny
81%
Wilga zwyczajna
42%
Wombat australijski
42%
Wyjec rudy
30%
Widłoróg amerykański
14%
Wiskacza górska
4%

Rozkład punktacji

Percentyl według liczby udzielonych odpowiedzi

Procent ludzi z każdym wynikiem

Twoja historia wyników

Nie rozwiązałeś tego quizu